| 000 | 00339nam a2200121Ia 4500 | ||
|---|---|---|---|
| 008 | 230907s9999||||xx |||||||||||||| ||und|| | ||
| 082 |
_a621.3815 _bFLO |
||
| 100 |
_aFloyd, Thomas L. _910192 |
||
| 245 | 0 | _aFundamentals of analog circuits / | |
| 260 |
_aPrentice Hall, _bUpper Saddle River, N.J. : _c2012 |
||
| 300 | _a915 p. : | ||
| 942 | _cBK | ||
| 999 |
_c598622 _d598622 |
||